[Event "Wch U16 Girls"]
[Site "Kemer"]
[Date "2007.11.22"]
[Round "5"]
[White "Mahmoud, Ramy"]
[Black "Al Khelaifi, Aisha"]
[Result "0-1"]
[WhiteElo "2120"]
[BlackElo "1545"]
[PlyCount "62"]
[EventDate "2007.11.18"]
[EventType "swiss"]
[EventRounds "11"]
[EventCountry "TUR"]
[SourceTitle "CBM 121 Extra"]
[Source "ChessBase"]
[SourceDate "2008.01.10"]
[SourceVersion "1"]
[SourceVersionDate "2008.01.10"]
[SourceQuality "1"]

1. e4 e5 2. Nf3 Nf6 3. Nc3 Bb4 4. Bc4 d6 5. d3 h6 6. h3 0-0 7. h4 Bg4 8. Be3 Nc6 9. a3 Ba5 10. b4 Bb6 11. Ne2 d5 12. Bb5 dxe4 13. dxe4 Qe7 14. Bxb6 axb6 15. Nd2 Bxe2 16. Qxe2 Nxb4 17. Nb3 Nc6 18. g4 Nd4 19. Nxd4 exd4 20. e5 Nd5 21. g5 Nc3 22. Qh5 Qxe5+ 23. Be2 Rfe8 24. f4 Qxe2+ 25. Qxe2 Rxe2+ 26. Kf1 Rxc2 27. gxh6 gxh6 28. Rg1+ Kh7 29. f5 Rg8 30. Rxg8 Kxg8 31. f6 d3 0-1